| 000 | 00595cam a2200169 a 4500 | ||
|---|---|---|---|
| 020 | _a0787900842 (acidfree paper) | ||
| 050 | 0 | 0 |
_aRC 480.6 _b.H64 1995 |
| 100 | 1 | _aHoff, Lee Ann. | |
| 245 | 1 | 0 |
_aPeople in crisis : _bunderstanding and helping / _cLee Ann Hoff. |
| 250 | _a4th ed. | ||
| 260 |
_aSan Francisco : _bJossey-Bass, _cc1995. |
||
| 300 | _a 477 p. ; | ||
| 856 | 4 | _uhttp://www.loc.gov/catdir/toc/onix07/94046309.html | |
| 856 | 4 | 2 | _uhttp://www.loc.gov/catdir/enhancements/fy0608/94046309-d.html |
| 856 | 4 | 2 | _uhttp://www.loc.gov/catdir/enhancements/fy0609/94046309-b.html |
| 942 |
_2lcc _cGEN |
||
| 999 |
_c4772 _d4772 |
||